000 00395pam a2200157a 44500
008 230515b1980 xxu||||| |||| 00| 0 eng d
020 _aNULL
041 _aENGLISH
082 _a630
100 _a4397-1972
245 _aSPECIFICATION FOR COLD - ROLLED CARBON STEEL STRINGS FOR BALL AND ROLLER BEARING CAGES
250 _a0
260 _aDELHI
_bISI
_c1980
300 _a12
650 _aNULL
999 _c652133
_d652133